[Event "WYCC 2018 O18"]
[Site "Halkidiki"]
[Date "2018.10.29"]
[Round "10"]
[White "Gazik, Viktor"]
[Black "Gumularz, Szymon"]
[Result "1/2-1/2"]
[WhiteElo "2486"]
[BlackElo "2441"]
[Annotator "TA"]
[PlyCount "33"]
[EventDate "2018.10.20"]
[EventType "swiss"]
[EventCountry "GRE"]
[SourceTitle "playchess.com"]
[Source "ChessBase"]
[SourceQuality "1"]

{[%evp 17,33,15,18,25,26,16,9,11,17,17,19,23,55,64,60,-16,31,52]} 1. e4 {[%cal Be2e4,Be4e5][%mdl 32]} c6 2. d4 d5 3. e5 Bf5 4. Nc3 e6 5. g4 Bg6 6. Nge2 c5 7. h4 h5 8. Nf4 cxd4 {B12: Caro-Kann: Advance Variation} (8... Bh7 9. g5 Bf5 10. Nxh5 cxd4 11. Nb5 d3 12. c3 Nc6 13. Ng3 Be4 14. Nxe4 dxe4 15. Qa4 Qd7 16. Qxe4 O-O-O {½-½ (38) Idani,P (2569)-Lupulescu,C (2637) Abu Dhabi 2017}) 9. Nxg6 fxg6 {LiveBook: 5 Games} 10. Qxd4 Nc6 {White has an edge.} 11. Bb5 Nge7 12. Bg5 a6 13. Bxc6+ $1 Nxc6 14. Qd3 $1 Qd7 $146 ({Predecessor:} 14... Qc7 15. Qxg6+ Qf7 16. Qxf7+ Kxf7 17. gxh5 Nxe5 {½-½ (32) Gerola,G (2488)-Leupold,V (2447) ICCF email 2008}) 15. O-O-O {[%cal Rc3d5] Threatens to win with Nxd5!} Bb4 ({Much weaker is} 15... Nxe5 $6 16. Qe2 $16) 16. Ne4 (16. gxh5 $14 gxh5 17. f4) 16... Qf7 17. Nd6+ 1/2-1/2

[Event "WYCC 2018 O18"]
[Site "Halkidiki"]
[Date "2018.10.29"]
[Round "10"]
[White "Costachi, Mihnea"]
[Black "Haug, Johannes"]
[Result "1/2-1/2"]
[WhiteElo "2484"]
[BlackElo "2391"]
[Annotator "TA"]
[PlyCount "53"]
[EventDate "2018.10.20"]
[EventType "swiss"]
[EventCountry "GRE"]
[SourceTitle "playchess.com"]
[Source "ChessBase"]
[SourceQuality "1"]

{[%evp 18,53,12,10,6,10,13,8,12,8,14,8,12,3,4,7,25,0,12,0,7,9,36,0,12,-3,23,-8,-14,-22,0,0,0,0,0,0,0,-50]} 1. d4 Nf6 2. c4 e6 3. Nc3 Bb4 4. f3 d5 5. a3 Be7 6. e4 dxe4 {E20: Nimzo-Indian: 4 g3 and 4 f3} 7. fxe4 c5 (7... e5 8. d5 O-O 9. Nf3 Bg4 10. h3 Bxf3 11. Qxf3 Nbd7 12. Be3 Bc5 13. O-O-O a5 14. Bd3 Ne8 15. Na4 Bxe3+ 16. Qxe3 b6 17. Kb1 Nd6 {1-0 (51) Kravtsiv,M (2654)-Zhigalko,S (2616) Ankara 2018}) 8. d5 exd5 9. exd5 O-O 10. Nf3 {LiveBook: 4 Games} Bd6 11. Be2 Bg4 12. O-O Nbd7 13. Qc2 Re8 14. Bg5 {[#]} a6 $146 15. Bd3 {next Bxh7+! is good for White.} Qc7 16. h3 Bh5 17. Nh4 Bg6 18. Nf5 Bxf5 19. Bxf5 Be5 20. Bxd7 (20. Rad1 {with more complications.} Qd6 21. Bh4 Bd4+ 22. Kh1 h6 23. a4) 20... Nxd7 21. Kh1 g6 22. Ne2 b5 {The position is equal.} 23. Rad1 Qd6 24. Nc3 bxc4 25. Ne4 Qb6 26. Qxc4 {[#] Threatens to win with d6.} Qb5 $1 {[%cal Rb5c4]} 27. Qxb5 {Precision: White = 53%, Black = 61%.} 1/2-1/2

[Event "WYCC 2018 O18"]
[Site "Halkidiki"]
[Date "2018.10.29"]
[Round "10"]
[White "Pultinevicius, Paulius"]
[Black "Goncalves, Davi Sulzbacher"]
[Result "0-1"]
[WhiteElo "2465"]
[BlackElo "2177"]
[Annotator "TA"]
[PlyCount "58"]
[EventDate "2018.10.20"]
[EventType "swiss"]
[EventCountry "GRE"]
[SourceTitle "playchess.com"]
[Source "ChessBase"]
[SourceQuality "1"]

{[%evp 17,58,-4,-4,-20,-17,-15,-1,-19,-26,-50,-57,-85,-89,-85,-52,-68,-80,-79,-83,-47,-57,-93,-87,-93,-21,-39,-19,-133,-140,-160,-147,-129,-145,-231,-220,-225,-164,-157,-121,-112,-104,-400,-385]} 1. d4 Nf6 2. c4 g6 3. Nc3 d5 4. Nf3 Bg7 5. Qa4+ Bd7 6. Qb3 dxc4 7. Qxc4 O-O 8. e4 Na6 9. Be2 {D90: Grünfeld: 4 Nf3 Bg7 sidelines} c5 $1 {LiveBook: 3 Games} 10. O-O cxd4 $1 11. Qxd4 {The position is equal.} Bc6 $146 {With the idea ...Nxe4.} ({Predecessor:} 11... Bg4 12. Be3 Nd7 13. Qd1 Ndc5 14. h3 Bxf3 15. Bxf3 Rc8 16. Qe2 Qd3 17. Qxd3 Nxd3 {0-1 (75) Le,M (2271)-Pultinevicius,P (2465) Porto Carras 2018}) 12. Qe3 Qb6 13. Qf4 Nc5 {[%cal Rf6e4]} 14. e5 Nfd7 15. Rd1 Bxf3 16. Qxf3 Nxe5 17. Qg3 Nc6 18. Nd5 Qa5 19. Bd2 {[#]} Qa4 $1 20. Rac1 Nd4 (20... Ne6 $17 21. Nc3 Ncd4) 21. Nxe7+ Kh8 22. Bf1 (22. Qe3 $11 {remains equal.} Rfe8 23. Rxc5 Nxe2+ 24. Qxe2 Rxe7 25. Qxe7 Qxd1+ 26. Qe1 Qxe1+ 27. Bxe1) 22... Ne4 $17 23. Qe3 Nxd2 24. Rxd2 {Strongly threatening Rc4.} Qd7 25. Re1 (25. Rc5 $17 Rae8 26. Re5 Bxe5 27. Qxe5+ f6 28. Nxg6+ hxg6 29. Rxd4) 25... Rad8 26. Rdd1 Rfe8 $36 {[%mdl 2048] ...Bf6 is the strong threat. Black is really pushing.} 27. Qg5 h6 28. Qe3 Kh7 {aiming for ...Bf6.} 29. Rd3 $2 {[%mdl 8192]} (29. Bc4 $17 Bf8 30. Qf4 Rxe7 31. Rxe7 Bxe7 32. Qxf7+ Kh8 {[#]} 33. Rxd4 $1 {[%mdl 512]} Qxd4 34. Qxe7) 29... Bf6 {Precision: White = 26%, Black = 82%.} 0-1

[Event "WYCC 2018 O18"]
[Site "Halkidiki"]
[Date "2018.10.29"]
[Round "10"]
[White "Fawzy, Adham"]
[Black "Ozates, Tuna"]
[Result "1-0"]
[WhiteElo "2439"]
[BlackElo "2225"]
[Annotator "NA"]
[PlyCount "97"]
[EventDate "2018.10.20"]
[EventType "swiss"]
[EventCountry "GRE"]
[SourceTitle "playchess.com"]
[Source "ChessBase"]
[SourceQuality "1"]
[TimeControl "40/5400+30:1800+30"]

1. e4 {[%emt 0:00:00]} e5 {[%emt 0:00:00]} 2. Nf3 {[%emt 0:00:00]} Nc6 {[%emt 0:00:00]} 3. d4 {[%emt 0:00:00]} exd4 {[%emt 0:00:00]} 4. Bc4 {[%emt 0:00:06]} Nf6 {[%emt 0:00:00]} 5. e5 {[%emt 0:00:18]} d5 {[%emt 0:00:00]} 6. Bb5 {[%emt 0:00:05]} Ne4 {[%emt 0:00:05]} 7. Nxd4 {[%emt 0:00:07]} Bd7 {[%emt 0:00:32]} 8. Bxc6 {[%emt 0:00:09]} bxc6 {[%emt 0:00:02]} 9. O-O {[%emt 0:00:07]} Bc5 {[%emt 0:00:16]} 10. f3 {[%emt 0:01:57]} Ng5 {[%emt 0:00:47]} 11. Be3 {[%emt 0:02:11]} Bb6 {[%emt 0:03:55]} 12. c3 {[%emt 0:10:55] C56: Two Knights: 4 d4 exd4 5 0-0 Nxe4} (12. f4 Ne6 13. c3 g6 14. Nd2 Qe7 15. Qf3 Rb8 16. b3 c5 17. Ne2 d4 18. Bf2 O-O 19. Ne4 Bc6 {1-0 (46) Perez Candelario,M (2590)-Eljanov,P (2703) Batumi 2018}) 12... c5 {[%emt 0:05:38]} 13. Ne2 $146 {[%emt 0:01:18]} ({Predecessor:} 13. Nb3 c4 14. Nc5 Bc6 15. b4 cxb3 16. axb3 Ne6 17. b4 Bxc5 18. bxc5 O-O 19. f4 f5 {0-1 (42) Volovikov,A (2315)-Petrosyan,T (2255) Lvov 2011}) 13... Bc6 {[%emt 0:00:57]} 14. Nd2 {[%emt 0:11:56]} d4 {[%emt 0:05:36]} (14... O-O $15) 15. Bf2 {[%emt 0:00:15]} Qd5 {[%emt 0:02:06]} 16. Nf4 {[%emt 0:03:32]} Qd7 {[%emt 0:02:23]} 17. c4 {[%emt 0:09:02]} O-O {[%emt 0:05:54]} 18. a4 {[%emt 0:00:57]} a5 {[%emt 0:03:13]} 19. Re1 {[%emt 0:01:35]} Rae8 {[%emt 0:00:51]} 20. Nd5 {[%emt 0:15:18]} (20. Bh4 $11 {remains equal.}) 20... Ne6 {[%emt 0:03:47]} 21. Qb3 {[%emt 0:04:23]} Ba7 {[%emt 0:04:11]} 22. Ne4 {[%emt 0:03:01]} Bxd5 {[%emt 0:07:28]} 23. cxd5 {[%emt 0:01:01]} Nf4 {[%emt 0:00:04]} 24. d6 {[%emt 0:02:41]} Rxe5 {[%emt 0:02:09]} 25. Bg3 {[%emt 0:02:53]} Rf5 {[%emt 0:00:44]} 26. Qb7 {[%emt 0:02:56]} Bb6 {[%emt 0:00:45]} 27. Bxf4 {[%emt 0:00:56]} Rxf4 {[%emt 0:00:02]} 28. dxc7 {[%emt 0:00:48]} Bxc7 {[%emt 0:04:43]} 29. Nxc5 {[%emt 0:00:43]} Qd6 {[%emt 0:00:07]} 30. Nd3 {[%emt 0:01:01]} Rf6 {[%emt 0:00:40]} 31. f4 {[%emt 0:00:58]} h6 {[%emt 0:00:45]} 32. Rac1 {[%emt 0:02:33]} Bd8 $11 {[%emt 0:06:24]} 33. Re5 {[%emt 0:05:33]} Re6 {[%emt 0:08:12]} 34. Rd5 {[%emt 0:03:58]} Qb6 35. Qxb6 {[%emt 0:00:56]} Bxb6 {[%emt 0:02:43]} 36. Kf1 {[%emt 0:00:35]} Re3 {[%emt 0:00:43]} 37. Ne5 {[%emt 0:00:32]} Re8 {[%emt 0:12:45]} 38. Rc6 {[%emt 0:06:04]} f6 {[%emt 0:06:15]} 39. Nf3 {[%emt 0:03:10]} R3e6 {[%emt 0:03:26]} 40. Rxe6 {[%emt 0:00:00]} Rxe6 {[%emt 0:00:00]} 41. Nd2 {[%emt 0:03:00]} Rc6 {[%emt 0:12:28]} 42. Ke2 {[%emt 0:01:42]} Rc1 {[%emt 0:02:09]} 43. Kd3 {[%emt 0:01:20]} Ra1 {[%emt 0:02:38]} 44. Nc4 {[%emt 0:03:21]} Bc7 {[%emt 0:00:47]} 45. g3 {[%emt 0:00:14]} g5 {[%emt 0:01:02]} 46. Rd7 {[%emt 0:02:09]} gxf4 {[%emt 0:04:02]} 47. Rxc7 {[%emt 0:00:33]} f3 {[%emt 0:00:04]} 48. Nd2 {[%emt 0:00:13]} Re1 {[%emt 0:00:05]} 49. Rc5 {[%emt 0:00:42]} 1-0

[Event "WYCC 2018 O18"]
[Site "Halkidiki"]
[Date "2018.10.29"]
[Round "10"]
[White "Bronstein, Or"]
[Black "Tsomaia, Nikoloz"]
[Result "0-1"]
[WhiteElo "2385"]
[BlackElo "2201"]
[Annotator "NA"]
[PlyCount "118"]
[EventDate "2018.10.20"]
[EventType "swiss"]
[EventCountry "GRE"]
[SourceTitle "playchess.com"]
[Source "ChessBase"]
[SourceQuality "1"]
[TimeControl "40/5400+30:1800+30"]

1. Nf3 {[%emt 0:00:00]} Nf6 {[%emt 0:00:00]} 2. c4 {[%emt 0:00:00]} c5 {[%emt 0:00:00]} 3. Nc3 {[%emt 0:00:00]} e6 {[%emt 0:00:20]} 4. g3 {[%emt 0:00:16]} b6 {[%emt 0:00:09]} 5. Bg2 {[%emt 0:00:15]} Bb7 {[%emt 0:00:04]} 6. O-O {[%emt 0:00:08]} Be7 {[%emt 0:00:02]} 7. d4 {[%emt 0:00:27]} cxd4 {[%emt 0:00:09]} 8. Qxd4 {[%emt 0:00:02]} d6 {[%emt 0:00:05]} 9. b3 {[%emt 0:00:43]} O-O {[%emt 0:13:38]} 10. Bb2 {[%emt 0:00:05]} a6 {[%emt 0:02:55]} 11. Rfd1 {[%emt 0:04:55]} Nbd7 {[%emt 0:03:38]} 12. e4 {[%emt 0:03:19]} Qc8 {[%emt 0:03:09]} 13. Qe3 {[%emt 0:01:36]} Re8 {[%emt 0:01:04]} 14. Rac1 {[%emt 0:00:13]} Qc7 {[%emt 0:00:58]} 15. Nd4 {[%emt 0:02:09]} Rac8 {[%emt 0:00:40]} 16. Re1 {[%emt 0:10:36]} Qb8 {[%emt 0:00:18]} 17. h3 {[%emt 0:03:40]} Bf8 {[%emt 0:00:16] LiveBook: 7 Games} 18. Rcd1 {[%emt 0:13:38]} g6 {[%emt 0:00:47]} 19. Qd2 {[%emt 0:03:48]} Red8 {[%emt 0:00:23]} 20. Qe2 {[%emt 0:03:39]} Bg7 {[%emt 0:00:48]} 21. Nc2 {[%emt 0:18:47]} Nc5 {[%emt 0:05:23]} 22. b4 {[%emt 0:00:46]} Ncd7 {[%emt 0:00:08]} 23. Ne3 {[%emt 0:00:20]} Qa8 {[%emt 0:04:18]} 24. a3 {[%emt 0:06:46]} Bf8 {[%emt 0:03:29]} 25. Qd3 {[%emt 0:04:39]} Ne5 {[%emt 0:02:05]} 26. Qd4 {[%emt 0:00:12]} Bg7 {[%emt 0:02:21]} 27. f4 {[%emt 0:02:08]} Ned7 {[%emt 0:20:02]} 28. Qd2 {[%emt 0:00:09]} e5 {[%emt 0:14:39]} 29. Ncd5 {[%emt 0:07:23]} Bxd5 {[%emt 0:00:04]} 30. cxd5 {[%emt 0:00:25]} Nh5 {[%emt 0:01:14]} 31. Nf1 {[%emt 0:03:01]} Bh6 {[%emt 0:06:58]} 32. Bf3 {[%emt 0:00:22]} Nhf6 {[%emt 0:00:07]} 33. Qh2 {[%emt 0:06:10]} b5 {[%emt 0:00:51]} 34. Ne3 {[%emt 0:00:37]} Qa7 {[%emt 0:00:01]} 35. Kh1 {[%emt 0:00:08]} Rc7 {[%emt 0:00:21]} 36. Ng4 {[%emt 0:00:37]} Bg7 {[%emt 0:01:29]} 37. Ne3 {[%emt 0:01:51]} h5 {[%emt 0:01:01]} 38. Rc1 {[%emt 0:04:09]} Rxc1 {[%emt 0:00:05]} 39. Bxc1 {[%emt 0:00:00]} Rc8 {[%emt 0:00:15]} 40. Bb2 {[%emt 0:00:00]} Bh6 {[%emt 0:00:00]} 41. h4 {[%emt 0:12:11]} Re8 {[%emt 0:02:38]} 42. Nc2 {[%emt 0:00:49]} Nb6 {[%emt 0:04:10]} 43. fxe5 {[%emt 0:06:38]} dxe5 {[%emt 0:00:01]} 44. Na1 {[%emt 0:00:25]} Nc4 {[%emt 0:06:09]} 45. Nb3 {[%emt 0:00:08]} Be3 {[%emt 0:00:56]} 46. Rd1 {[%emt 0:02:40]} Qd7 {[%emt 0:01:50]} 47. Nc5 {[%emt 0:02:31]} Qc8 {[%emt 0:00:29]} 48. Nd3 {[%emt 0:00:49]} Nxe4 {[%emt 0:01:57]} 49. Re1 {[%emt 0:03:54]} Qf5 {[%emt 0:01:08]} 50. Qg2 {[%emt 0:01:04]} Ned2 {[%emt 0:02:18]} 51. Be2 {[%emt 0:02:00]} e4 {[%emt 0:01:37]} 52. g4 {[%emt 0:00:01]} Qd7 {[%emt 0:01:47]} 53. gxh5 {[%emt 0:00:56]} exd3 {[%emt 0:00:10]} 54. hxg6 {[%emt 0:00:07]} f6 {[%emt 0:00:37]} 55. Bg4 {[%emt 0:00:25]} f5 {[%emt 0:01:21]} 56. Bc3 {[%emt 0:01:32]} fxg4 {[%emt 0:00:40]} 57. h5 {[%emt 0:00:11]} Ne4 {[%emt 0:00:24]} 58. h6 {[%emt 0:01:43]} Nxc3 {[%emt 0:00:19]} 59. d6 {[%emt 0:00:31]} Qxd6 {[%emt 0:00:57]} 0-1

[Event "WYCC 2018 O18"]
[Site "Halkidiki"]
[Date "2018.10.29"]
[Round "10"]
[White "Burovic, Rijad"]
[Black "Livaic, Leon"]
[Result "0-1"]
[WhiteElo "2380"]
[BlackElo "2481"]
[Annotator "ChessBase"]
[PlyCount "92"]
[EventDate "2018.10.20"]
[EventType "swiss"]
[EventCountry "GRE"]
[SourceTitle "playchess.com"]
[Source "ChessBase"]
[SourceQuality "1"]
[TimeControl "40/5400+30:1800+30"]

1. e4 {[%emt 0:00:00]} e6 {[%emt 0:00:00]} 2. d3 {[%emt 0:00:52]} d5 {[%emt 0:00:12]} 3. Nd2 {[%emt 0:00:14]} Nf6 {[%emt 0:00:07]} 4. Ngf3 {[%emt 0:00:20]} c5 {[%emt 0:00:08]} 5. g3 {[%emt 0:00:19]} Nc6 {[%emt 0:00:09]} 6. Bg2 {[%emt 0:00:09]} Be7 {[%emt 0:00:12]} 7. O-O {[%emt 0:00:15]} O-O {[%emt 0:00:16]} 8. Re1 {[%emt 0:00:10]} Qc7 {[%emt 0:00:30]} 9. e5 {[%emt 0:02:15]} Nd7 {[%emt 0:00:13]} 10. Qe2 {[%emt 0:00:11]} b5 {[%emt 0:00:38]} 11. Nf1 {[%emt 0:00:50]} Bb7 {[%emt 0:00:56]} 12. c3 {[%emt 0:09:54]} a5 {[%emt 0:01:04]} 13. a4 {[%emt 0:08:47]} Ba6 {[%emt 0:03:56]} 14. h4 {[%emt 0:04:12]} Rfb8 {[%emt 0:03:59]} 15. axb5 {[%emt 0:13:26]} Bxb5 {[%emt 0:00:33]} 16. Bf4 {[%emt 0:02:44]} Rb6 {[%emt 0:09:08]} 17. Ne3 {[%emt 0:05:10]} Qd8 {[%emt 0:00:27]} 18. c4 {[%emt 0:02:12]} dxc4 {[%emt 0:00:04]} 19. dxc4 {[%emt 0:00:56]} Ba6 {[%emt 0:00:11]} 20. Red1 {[%emt 0:00:51]} Qc8 {[%emt 0:01:25]} 21. h5 {[%emt 0:05:20]} Rab8 {[%emt 0:01:53]} 22. Ra2 {[%emt 0:13:02]} Rb4 {[%emt 0:05:41]} 23. h6 {[%emt 0:01:35]} g6 {[%emt 0:00:15]} 24. Bf1 {[%emt 0:07:00]} Nb6 {[%emt 0:04:47]} 25. Qc2 {[%emt 0:03:15]} a4 {[%emt 0:12:14]} 26. Ra3 {[%emt 0:04:34]} Bb7 {[%emt 0:07:07]} 27. Bg2 {[%emt 0:03:24]} Na5 {[%emt 0:00:43]} 28. Bg5 {[%emt 0:06:41]} Bxf3 {[%emt 0:03:45]} 29. Bxe7 {[%emt 0:00:21]} Bxd1 {[%emt 0:00:18]} 30. Qxd1 {[%emt 0:01:39]} Qd7 {[%emt 0:03:27]} 31. Bd6 {[%emt 0:01:34]} Naxc4 {[%emt 0:00:47]} 32. Rd3 {[%emt 0:01:06]} Nxd6 {[%emt 0:00:56]} 33. Rxd6 {[%emt 0:00:30]} Qe7 {[%emt 0:00:52]} 34. Ng4 {[%emt 0:01:30]} Rxb2 {[%emt 0:02:30]} 35. Nf6+ {[%emt 0:00:41]} Kh8 {[%emt 0:00:00]} 36. Rxb6 {[%emt 0:01:15]} R2xb6 {[%emt 0:00:27]} 37. Qxa4 {[%emt 0:00:03]} Rb4 {[%emt 0:02:31]} 38. Qc6 {[%emt 0:00:06]} Rb1+ {[%emt 0:02:16]} 39. Kh2 {[%emt 0:01:01]} Qf8 {[%emt 0:00:56]} 40. Ng4 {[%emt 0:00:00]} R1b4 {[%emt 0:00:00]} 41. f4 {[%emt 0:01:19]} c4 {[%emt 0:02:06]} 42. Be4 {[%emt 0:01:31]} Rc8 {[%emt 0:00:51]} 43. Qd6 {[%emt 0:00:51]} Qxd6 {[%emt 0:00:46]} 44. exd6 {[%emt 0:00:02]} f5 {[%emt 0:01:08]} 45. Ne5 {[%emt 0:00:39]} fxe4 {[%emt 0:00:22]} 46. d7 {[%emt 0:00:05]} Rbb8 {[%emt 0:00:17]} 0-1

[Event "WYCC 2018 O18"]
[Site "Halkidiki"]
[Date "2018.10.29"]
[Round "10"]
[White "Muha, Miljenko"]
[Black "Pedoson, Georg Aleksander"]
[Result "1-0"]
[WhiteElo "2365"]
[BlackElo "2162"]
[Annotator "NA"]
[PlyCount "105"]
[EventDate "2018.10.20"]
[EventType "swiss"]
[EventCountry "GRE"]
[SourceTitle "playchess.com"]
[Source "ChessBase"]
[SourceQuality "1"]
[TimeControl "40/5400+30:1800+30"]

1. Nf3 {[%emt 0:00:00]} d5 {[%emt 0:00:00]} 2. d4 {[%emt 0:00:00]} Nf6 {[%emt 0:00:35]} 3. c4 {[%emt 0:00:00]} c6 {[%emt 0:01:50]} 4. e3 {[%emt 0:01:37]} e6 {[%emt 0:00:30]} 5. Nc3 {[%emt 0:06:18]} Bd6 {[%emt 0:01:30]} 6. Qc2 {[%emt 0:04:04]} Nbd7 {[%emt 0:03:41]} 7. b3 {[%emt 0:00:40]} dxc4 {[%emt 0:01:12]} 8. Bxc4 {[%emt 0:04:55]} O-O {[%emt 0:02:48]} 9. Bb2 {[%emt 0:02:35] LiveBook: 13 Games} b5 {[%emt 0:04:33]} 10. Be2 {[%emt 0:04:25]} Bb7 {[%emt 0:01:59]} 11. O-O {[%emt 0:00:28]} a6 {[%emt 0:05:00]} 12. a4 {[%emt 0:15:12]} Rc8 {[%emt 0:10:23]} 13. Ng5 $11 {[%emt 0:10:13]} Qc7 {[%emt 0:06:18]} 14. h3 {[%emt 0:01:53]} c5 {[%emt 0:07:54]} 15. axb5 {[%emt 0:04:06]} cxd4 {[%emt 0:00:07]} 16. bxa6 {[%emt 0:07:49]} Bxg2 {[%emt 0:00:13]} 17. Kxg2 {[%emt 0:00:32]} dxc3 {[%emt 0:00:07]} 18. Bc1 {[%emt 0:00:24]} Ra8 {[%emt 0:03:33]} 19. Ne4 {[%emt 0:04:28]} Nxe4 {[%emt 0:04:37]} 20. Qxe4 {[%emt 0:00:02]} Qb6 {[%emt 0:01:22]} 21. Qd4 {[%emt 0:03:22]} Qxd4 {[%emt 0:03:15]} 22. exd4 {[%emt 0:01:51]} Rfb8 {[%emt 0:00:14]} 23. Ba3 {[%emt 0:09:52]} Bxa3 {[%emt 0:01:42]} 24. Rxa3 {[%emt 0:00:02]} Nf6 {[%emt 0:00:38]} 25. Bc4 {[%emt 0:05:12]} g6 {[%emt 0:04:02]} 26. Kf3 {[%emt 0:00:09]} Nd5 {[%emt 0:00:57]} 27. Rc1 {[%emt 0:01:04]} Rb6 {[%emt 0:00:24]} 28. Ke2 {[%emt 0:03:04]} Nb4 {[%emt 0:02:27]} 29. Rxc3 {[%emt 0:00:37]} Nxa6 {[%emt 0:00:04]} 30. b4 {[%emt 0:01:18]} Rc8 {[%emt 0:00:35]} 31. Bxa6 {[%emt 0:00:46]} Rxc3 {[%emt 0:00:05]} 32. Rxc3 {[%emt 0:00:06]} Rxa6 {[%emt 0:00:03]} 33. Rb3 {[%emt 0:00:58]} Kf8 {[%emt 0:05:40]} 34. b5 {[%emt 0:00:02]} Rb6 {[%emt 0:00:54]} 35. Kd3 {[%emt 0:00:05]} Ke7 {[%emt 0:00:05]} 36. Kc4 {[%emt 0:00:04]} Kd6 {[%emt 0:00:16]} 37. Kb4 {[%emt 0:01:11]} f5 {[%emt 0:05:16]} 38. Rc3 {[%emt 0:01:23]} Kd5 {[%emt 0:03:25]} 39. Rc5+ {[%emt 0:01:38]} Kxd4 {[%emt 0:01:41]} 40. Rc6 {[%emt 0:00:00]} Rb8 {[%emt 0:00:00]} 41. Rxe6 {[%emt 0:01:07]} g5 {[%emt 0:01:17]} 42. b6 {[%emt 0:02:28]} h5 {[%emt 0:00:21]} 43. Kb5 {[%emt 0:00:37]} g4 {[%emt 0:00:17]} 44. Rh6 {[%emt 0:01:15]} f4 {[%emt 0:03:56]} 45. Rxh5 {[%emt 0:05:51]} g3 {[%emt 0:00:05]} 46. fxg3 {[%emt 0:00:06]} f3 {[%emt 0:00:03]} 47. Rf5 {[%emt 0:00:24]} Ke3 {[%emt 0:00:06]} 48. g4 {[%emt 0:01:04]} f2 {[%emt 0:00:07]} 49. g5 {[%emt 0:01:12]} Rc8 {[%emt 0:00:42]} 50. g6 {[%emt 0:00:37]} Rc1 {[%emt 0:00:21]} 51. g7 {[%emt 0:00:40]} Rb1+ {[%emt 0:00:17]} 52. Kc6 {[%emt 0:00:36]} Rc1+ {[%emt 0:00:30]} 53. Kd6 {[%emt 0:00:32]} 1-0

[Event "WYCC 2018 O18"]
[Site "Halkidiki"]
[Date "2018.10.29"]
[Round "10"]
[White "Agmanov, Zhandos"]
[Black "Fakhrutdinov, Timur"]
[Result "1/2-1/2"]
[WhiteElo "2354"]
[BlackElo "2472"]
[Annotator "TA"]
[PlyCount "51"]
[EventDate "2018.10.20"]
[EventType "swiss"]
[EventCountry "GRE"]
[SourceTitle "playchess.com"]
[Source "ChessBase"]
[SourceQuality "1"]

{[%evp 24,51,22,0,33,14,40,13,12,12,20,23,22,22,22,22,24,28,23,10,10,10,10,10,10,10,10,10,10,10]} 1. e4 e5 2. Nf3 Nc6 3. Bb5 Nf6 4. O-O Nxe4 5. Re1 Nd6 6. Nxe5 Nxe5 7. Rxe5+ Be7 8. Bf1 O-O 9. d4 Ne8 {C67: Ruy Lopez: Berlin Defence: 4 0-0 Nxe4} (9... Bf6 10. Re1 Re8 11. c3 Rxe1 12. Qxe1 Ne8 13. d5 c6 14. Nd2 cxd5 15. Nf3 d6 16. Be3 Nc7 17. Qd2 Bd7 18. g3 {½-½ (32) Giri,A (2780)-Caruana,F (2827) Batumi 2018}) 10. d5 Bc5 11. Re1 d6 12. Nc3 Bf5 13. Bd3 {LiveBook: 4 Games} Qf6 14. Be3 {[#]} Bb4 $146 ({Predecessor:} 14... Qg6 15. Bxf5 Qxf5 16. Qd2 Bb4 17. Bd4 {½-½ (33) Shcherbakov,R (2516)-Lysyj,I (2631) Cheliabinsk 2018}) 15. Bxf5 (15. h3 {looks sharper.} Qg6 16. Bd4 Bxd3 17. Qxd3 Nf6 18. Qc4) 15... Qxf5 16. Bd4 Bxc3 17. Bxc3 Nf6 18. Bxf6 Qxf6 19. c3 Rfe8 20. Qb3 b6 21. Qc4 Re7 {The position is equal.} 22. Qc6 Rd8 23. Kf1 {Strongly threatening Rxe7.} Kf8 24. Rxe7 Qxe7 25. Re1 Qd7 26. Qxd7 1/2-1/2

[Event "WYCC 2018 O18"]
[Site "Halkidiki"]
[Date "2018.10.29"]
[Round "10"]
[White "Mitrabha, Guha"]
[Black "Nguyen, Thai Dai Van"]
[Result "0-1"]
[WhiteElo "2352"]
[BlackElo "2556"]
[Annotator "TA"]
[PlyCount "88"]
[EventDate "2018.10.20"]
[EventType "swiss"]
[EventCountry "GRE"]
[SourceTitle "playchess.com"]
[Source "ChessBase"]
[SourceQuality "1"]

{[%evp 13,88,0,13,11,13,16,14,0,7,-40,-37,-79,-81,-72,-84,-173,-159,-236,-234,-239,-212,-235,-133,-183,-177,-179,-184,-183,-184,-164,-192,-197,-191,-212,-186,-227,-233,-228,-222,-230,-227,-228,-223,-252,-245,-265,-255,-245,-212,-247,-238,-239,-232,-239,-239,-243,-242,-287,-263,-257,-254,-314,-345,-473,-468,-435,-449,-431,-391,-735,-713,-765,-763,-979,-951,-29986,-956]} 1. d4 Nf6 2. Bf4 d5 3. e3 c5 4. Nf3 Nc6 5. Nbd2 e6 6. c3 cxd4 7. cxd4 {D02: 1 d4 d5 2 Nf3 sidelines, including 2...Nf6 3 g3 and 2...Nf6 3 Bf4} (7. exd4 Nh5 8. Be3 Bd6 9. Bd3 Nf4 10. Bxf4 Bxf4 11. g3 Bd6 12. O-O O-O 13. Re1 Bd7 14. h4 h6 {1-0 (44) Caruana,F (2822)-Aronian,L (2767) chess.com INT 2018}) 7... Nh5 {LiveBook: 4 Games} 8. Bg5 Qb6 9. Rb1 {The position is equal.} h6 10. Bh4 g5 {[%cal Bg7g5,Bg5g4][%mdl 32]} 11. Bg3 g4 12. Ng1 $146 ({Predecessor:} 12. Ne5 Nxg3 13. hxg3 Nxe5 14. dxe5 h5 {½-½ (30) Artemiev,V (2701)-Adhiban,B (2661) Sharjah 2018}) 12... Nxg3 13. hxg3 e5 $36 {[%mdl 2048] Black is really pushing.} 14. Ne2 (14. Bd3 $17) 14... Bf5 $19 ({Much less strong is} 14... exd4 15. Nxd4 Nxd4 16. exd4 $15) 15. dxe5 (15. Rc1 $17) 15... Bxb1 ({Less strong is} 15... Nxe5 16. Nc3 $17) 16. Qxb1 O-O-O ({But not} 16... Nxe5 17. Nf4 $17) 17. Nc3 Nxe5 (17... h5 $19 18. Bb5 Nxe5) 18. Nb3 Kb8 19. Qf5 Bg7 20. Be2 Qg6 21. Nd4 Rhe8 22. O-O h5 23. Rd1 a6 {[%cal Ba7a6,Ba6a5][%mdl 32]} 24. b3 Nc6 25. Nxc6+ bxc6 26. Qf4+ Qd6 27. Qxd6+ Rxd6 28. Na4 a5 29. Bd3 Kc7 30. Rc1 Re5 31. Kf1 Rh6 32. Nc3 Kd6 33. Ne2 Re8 34. Ke1 Be5 35. Bf5 Rg8 36. Kd2 h4 37. Rh1 Rf6 38. e4 dxe4 39. Bxe4 Rxf2 40. gxh4 f5 {[%cal Bf7f5,Bf5f4][%mdl 32]} 41. Bd3 $2 {[#]} (41. Rd1 Kc7 42. Ke3 Rxe2+ 43. Kxe2 fxe4 44. h5) 41... f4 42. Rg1 Bd4 43. Bc4 Re8 44. Kd3 Re3+ {Precision: White = 23%, Black = 78%.} (44... Rexe2 $142 45. Kxd4 Re3 46. Bd3 Rd2 47. Rc1 Rdxd3+ 48. Kc4 Rd2 49. b4 Rxg2 50. a3 Rxa3 51. bxa5 Rxa5 52. Kb4 Rb5+ 53. Ka3 f3 54. h5 g3 55. Rd1+ Rd5 56. Rc1 f2 57. h6 Rh2 58. Rb1 g2 59. Rb8 f1=Q 60. Rd8+ Kc5 61. Rxd5+ cxd5 62. Kb3 g1=Q 63. Ka4 Qb5+ 64. Ka3 Qg3#) 0-1